000 00518nam a2200181Ia 4500
003 OSt
005 20260105143829.0
008 210210b1950 xxu||||| |||| 00| 0 eng d
040 _cAL
041 _aKannada
082 _a859/1637
100 _aLILA BAI KAMAT
_9156141
_dಲೀಲಾ ಬಾಯಿ ಕಾಮತ್
245 _aHari hoda hakki:
_bಹಾರಿ ಹೋದ ಹಕ್ಕಿ
260 _aMangaluru
_bScience Book Agency
_c1950
690 _aKannada Fiction
_9156142
906 _a022360
942 _2ddc
_cBK
999 _c146690
_d146690